01287nam a2200325 a 4500001001100000003000800011006001900019007001500038008004100053010001700094020002800111040002100139035002000160050002400180082001400204245009900218260004400317300001900361490005600380504005100436533015200487650002800639650002700667655002900694700002400723710001700747830005700764856012500821999001500946ebr5002098CaPaEBRm u cr cn|||||||||960805s1997 enka sb 001 0 eng  z 96033541  z0415142997 (alk. paper) aCaPaEBRcCaPaEBR a(OCoLC)4980330514aHB145b.E676 1997eb04a339.522000aEquilibrium and economic theoryh[electronic resource] /cedited by Giovanni Alfredo Caravale. aLondon ;aNew York :bRoutledge,c1997. a205 p. :bill.1 aRoutledge studies in the history of economics ;v11 aIncludes bibliographical references and index. aElectronic reproduction.bPalo Alto, Calif. :cebrary,d2013.nAvailable via World Wide Web.nAccess may be limited to ebrary affiliated libraries. 0aEquilibrium (Economics) 0aComparative economics. 7aElectronic books.2local1 aCaravale, Giovanni.2 aebrary, Inc. 0aRoutledge studies in the history of economics ;v11.40uhttp://site.ebrary.com/lib/rucke/Doc?id=5002098zAn electronic book accessible through the World Wide Web; click to view c1363d1363